| 000 | 01014nam a2200301 i 4500 | ||
|---|---|---|---|
| 003 | EG-GICUC | ||
| 005 | 20260501135023.0 | ||
| 008 | 260501s1966 fr ||||fr|||| 000 0 fre d | ||
| 040 |
_aEG-GiCUC _bfre _cEG-GiCUC _dEG-GiCUC _erda |
||
| 082 | 0 | 4 |
_221 _a343.37224 _bDO . A |
| 092 | 0 | 4 | _221 |
| 099 | _aLaw1 10 343.37224 DO . A 1966 | ||
| 100 | 1 |
_aDoll, Paul-julien _eAuteur |
|
| 245 | 1 | 0 |
_aAnalyse Et Commentaire Du Code De Justice Militaire : _b(LOI Du 8 Juillet 1965) / _cPaul-julien Doll ; René Paucot. _n |
| 264 | 1 |
_aParis : _bLibrairie Générale De Droit Et De Jurisprudence, _c1966. |
|
| 300 |
_a418pages : _billustrations, _c24 cm |
||
| 336 |
_2rda content _atext |
||
| 337 |
_2rda media _aComputer |
||
| 338 |
_2rda carrier _aOnline Resource |
||
| 504 | _a | ||
| 546 | _aTexte en français | ||
| 650 | 1 | 4 |
_aDroit pénal _2 |
| 651 | 1 | _2 | |
| 700 | 1 |
_aPaucot, René _ePréfacier |
|
| 856 | 4 | 0 | _uhttps://fll.law.cu.edu.eg/fulltext/bks/B10-10780.pdf |
| 905 | _a50 | ||
| 942 |
_2ddc _cBK _e21 _n0 |
||
| 999 |
_c74640 _d74640 |
||